Un primer esquema de las organizaciones populares en Honduras
Gardado en:
| Formato: | Texto |
|---|---|
| Materias: | |
| Etiquetas: |
Engadir etiqueta
Sen Etiquetas, Sexa o primeiro en etiquetar este rexistro!
|
MARC
| LEADER | 00000 a a2200000 04500 | ||
|---|---|---|---|
| 001 | 17965 | ||
| 003 | |||
| 040 | |||
| 245 | |a Un primer esquema de las organizaciones populares en Honduras | ||
| 650 | |a GRUPOS POPULARES | ||
| 650 | |a SINDICATOS | ||
| 650 | |a EDUCACION | ||
| 650 | |a POLITICA | ||
| 650 | |a HONDURAS | ||
| 773 | |g volumen 4, número 34; páginas 391-392 | ||
| 999 | |c 30208 |d 30208 | ||
| 773 | 0 | |0 42391 |9 3842 |a Agencia Latinoamericana de Información, ALAI |d Quito, Ecuador: ALAI |o 04455 |t ALAI: |x 08275564 (Servicio mensual de información y documentación) | |
